000 00926nam a22003017a 4500
001 4982
003 FISKH
005 20241030113437.0
008 241030b cb ||||| |||| 00| 0 eng d
020 _a9780545558334
040 _aFISKH
_beng
_cFISKH
_dFISKH
050 _aGB848.L96
082 _a551.48
100 _aLyon, George Ella
_d(1949-)
245 _aAll the water in the world /
_cby George Ella Lyon and Katherine Tillotson
250 _aFirst printing in 2013
260 _aNew York :
_bScholastic,
_c2013.
300 _a24 pages :
_bColor illustrations ;
_c24 cm
505 _aL
520 _aIntroduces young children to the water cycle with simple text and illustrations.
521 8 _a520L
_bLexile
521 8 _aL
_bRaz-Plus
650 _2Informational
_aScience
650 _2Environment
_aWater cycle
700 _aTillotson Katherine
_dIllustrator
942 _2ddc
_cBK
_n0
999 _c4982
_d4982